MAASAI MARA UNIVERSITY

LIBRARY CATALOGUE

Contact Us: +254 020 2685356/7 or 0774 057787

Box: 861-20500, NAROK, KENYA

Email: info@mmarau.ac.ke

Making the most of Microsoft Office / (Record no. 21423)

MARC details
000 -LEADER
fixed length control field 00705nam a22002417a 4500
001 - CONTROL NUMBER
control field 12985820
003 - CONTROL NUMBER IDENTIFIER
control field OSt
005 - DATE AND TIME OF LATEST TRANSACTION
control field 20210617100301.0
008 - FIXED-LENGTH DATA ELEMENTS--GENERAL INFORMATION
fixed length control field 170127b xxu||||| |||| 00| 0 eng d
010 ## - LIBRARY OF CONGRESS CONTROL NUMBER
LC control number 2002038321
020 ## - INTERNATIONAL STANDARD BOOK NUMBER
International Standard Book Number 0205376010
040 ## - CATALOGING SOURCE
Original cataloging agency MMU
Transcribing agency MMU
Modifying agency MMU
Language of cataloging eng
050 00 - LIBRARY OF CONGRESS CALL NUMBER
Classification number HF5548.4.M525
Item number Y63 2004
100 1# - MAIN ENTRY--PERSONAL NAME
Personal name Yoder, Sharon.
245 10 - TITLE STATEMENT
Title Making the most of Microsoft Office /
Statement of responsibility, etc. Sharon Yoder, Irene Smith.
260 ## - PUBLICATION, DISTRIBUTION, ETC. (IMPRINT)
Place of publication, distribution, etc. Boston :
Name of publisher, distributor, etc. Pearson/Allyn and Bacon,
Date of publication, distribution, etc. c2004.
300 ## - PHYSICAL DESCRIPTION
Extent xix, 252 p. :
Other physical details ill. ;
Dimensions 28 cm.
500 ## - GENERAL NOTE
General note Includes index.
630 00 - SUBJECT ADDED ENTRY--UNIFORM TITLE
Uniform title Microsoft Office.
650 #0 - SUBJECT ADDED ENTRY--TOPICAL TERM
Topical term or geographic name as entry element Business
General subdivision Computer programs.
700 1# - ADDED ENTRY--PERSONAL NAME
Personal name Smith, Irene Elizabeth.
942 ## - ADDED ENTRY ELEMENTS (KOHA)
Source of classification or shelving scheme Library of Congress Classification
Koha item type L
Holdings
Withdrawn status Lost status Source of classification or shelving scheme Damaged status Not for loan Home library Current library Date acquired Source of acquisition Total Checkouts Full call number Barcode Date last seen Date last checked out Price effective from Koha item type
    Library of Congress Classification     Maasai Mara University Library -Main Campus Maasai Mara University Library -Main Campus 01/27/2017 Donation -T4C 1 HF5548.4.M525Y63 2004 17020966 10/17/2019 09/13/2019 01/27/2017 L
© 2016 Maasai Mara University.